000 00964nam a22003257a 4500
001 BR5100172
003 BR-BrBNA
005 20230928082941.0
007 ta
008 230509b bl.||||| |||| 00| 0 por d
040 _aBR-BrBNA
_bpor
_cBiblioteca Nacional de Agricultura
041 _a(Por)
072 _aF70; F40
_b3103
_b/G514
090 _ 3103 BR5100172
100 1 _aRambo, B.
110 1 _aHerbario Barbosa Rodrigues, Itajai, SC (Brasil)
_95524
245 1 _aO elemento andino no pinhal riograndense [araucaria, pinheiro, Rio Grande do Sul, Brasil]
260 3 _aItajai, SC (Brasil):
_c1951.
300 _a39 p.
500 _aReprinted of Anais Botanicos, no. 3 (junho 1951)
650 _aFLORA
650 _aARAUCARIA
650 _aPINHEIRO
650 _aPINHEIRO-DO-PARANA
650 _aESSENCIA FLORESTAL
650 _aDISTRIBUICAO GEOGRAFICA
650 _aRIO GRANDE DO SUL
909 _a202309
_bLucia
_c55
_dLucia Elande
942 _cBK
999 _c10782
_d10782